| 000 | 00385 a2200169 4500 | ||
|---|---|---|---|
| 001 | 54545 | ||
| 020 | _a | ||
| 040 | _cAnchieta - Pituba | ||
| 100 | _aMustafa, Allysson Queiroz | ||
| 240 | 1 | 0 |
_a2ª História, III unidade _lpor |
| 245 | 1 | 0 | _a2ª História, III unidade |
| 300 | _a7 | ||
| 362 | 0 | _a2016 | |
| 440 | 1 | _aColégio Anchieta | |
| 650 | 4 | _aHistória do mundo | |
| 942 | _cBK | ||
| 999 |
_c54545 _d54545 |
||